000 00908nam a22002057a 4500
003 0
005 20250203150359.0
008 250203b xxu||||| |||| 00| 0 eng d
050 _aHD 60
_b.G83 2023
100 _aGuansing, Charmane Gail A.
245 _aThe impact of corporate social responsibility of the brand equity as perceived by selected employees of ayala land malls incorporated.
_cCharmane Gail A. Guansing
260 _aLas Pinas City
_bSouthville International School and Colleges
_c2023
300 _ax, 160 pages ;
_c28cm
500 _aBachelor of Science in Business Administration Major in Marketing Management.
504 _aIncludes bibliographical references and appendices.
650 _aCorporate social responsibility – Business ethics.
650 _aBrand equity – Consumer and employee perception.
650 _aCorporate behavior – Employee attitudes.
942 _2lcc
_cTH
999 _c367104
_d367104